| 000 | 00538cam a22001457a 4500 | ||
|---|---|---|---|
| 008 | 180718b1970 xxu||||| |||| 00| 0 eng d | ||
| 082 | _aJ7x5442 B639 | ||
| 245 |
_aBombay's development and master plan: A 20 years' perspective _cby The Bombay Civic Trust |
||
| 260 |
_aBombay _bThe Bombay Civic Trust _c1970 |
||
| 300 | _a394p | ||
| 650 | _aBombay (India) - Economic policy - Congresses | ||
| 650 | _aIndustrial policy - India - Bombay - Congresses | ||
| 650 | _aCity planning - India - Bombay - Congresses | ||
| 700 | _aBombay Civic Trust | ||
| 999 |
_c409624 _d409624 |
||